000 01252nam a2200313Ia 4500
001 ebr10284254
003 CaPaEBR
006 m u
007 cr cn|||||||||
008 040712s2004 nju sb 001 0 eng d
010 _z 2004016041
020 _z9780691126128
020 _z0691121796 (acid-free paper)
040 _aCaPaEBR
_cCaPaEBR
035 _a(OCoLC)355628322
050 1 4 _aDS79.769
_b.F45 2004eb
100 1 _aFeldman, Noah,
_d1970-
245 1 0 _aWhat we owe Iraq
_h[electronic resource] :
_bwar and the ethics of nation building /
_cNoah Feldman.
260 _aPrinceton :
_bPrinceton University Press,
_cc2004.
300 _a154 p.
504 _aIncludes bibliographical references (p. [135]-148) and index.
533 _aElectronic reproduction.
_bPalo Alto, Calif. :
_cebrary,
_d2013.
_nAvailable via World Wide Web.
_nAccess may be limited to ebrary affiliated libraries.
650 0 _aPostwar reconstruction
_zIraq.
650 0 _aIraq War, 2003-2011
_xPeace.
650 0 _aNewly independent states
_vCase studies.
655 7 _aElectronic books.
_2local
710 2 _aebrary, Inc.
856 4 0 _uhttp://site.ebrary.com/lib/rucke/Doc?id=10284254
_zAn electronic book accessible through the World Wide Web; click to view
999 _c2604
_d2604